000 00334nam a2200133Ia 4500
008 191014s9999 xx 000 0 und d
020 _a0-12-514350-8
082 _a530.143
_bNAS
100 _aC.Nash
_920275
245 0 _aRelativistic Quantum Fields
260 _aLondon
_bAcademic Press
_c1978
300 _aViii,223
942 _cBK
999 _c530845
_d530845